| 000 | 00757nam a2200205Ii 4500 | ||
|---|---|---|---|
| 003 | JO-AjNU | ||
| 008 | 230605s9999||||xx |||||||||||||| ||und|| | ||
| 040 |
_aJO-AjNU _bara _erda _cJO-AjNU |
||
| 041 | _aara | ||
| 050 | 1 | 4 | _aHF437.A2832.1987 |
| 100 | 3 |
_aأبو خضير،بسام/اسماعيل ابو العلا, _eauthor _920350 |
|
| 245 | 0 | 0 | _aإدارة المشتريات والمخازن |
| 250 | _aط1 | ||
| 264 | 3 | 1 | _aعمان:دار الفكر للنشر والتوزيع؛1987 |
| 300 |
_a168ص _bيحتوي على ببلوغرافية من ص162-168ص |
||
| 336 |
_atext _btxt _2rdacontent |
||
| 337 |
_aunmediated _bn _2rdamedia |
||
| 338 |
_avolume _bnc _2rdacarrier |
||
| 650 | 4 |
_aالمشتريات-ادارة-المخازن-ادارة _920351 |
|
| 999 |
_aA6883 _c10451 _d10451 |
||